000
00258nam a2200097Ia 4500
008
230508s1999 xx 000 0 und d
041
_a
eng
100
_a
KNOWLES OF ERJAVEC
245
_a
MEDIUM HEAVY DUTY TRUCK STCARING SUSPENSION
260
_b
DELMAR PUB
_c
1999
999
_c
739112
_d
739112